Statistics for Record transfers: FC Bayern Munich

Click here to take the quiz!

General Stats

  • This quiz has been taken 121 times
    (93 since last reset)
  • The average score is 16 of 20

Answer Stats

#FeeSeasonPositionLeftPlayer% Correct
1030 Mio. €11/12GoalkeeperFC Schalke 04Manuel Neuer
95%
1230 Mio. €07/08Left WingerOlympique de MarseilleFranck Ribéry
93%
735 Mio. €16/17Centre-BackBorussia DortmundMats Hummels
90%
180 Mio. €19/20Centre-BackClub Atlético de MadridLucas Hernández
89%
537 Mio. €13/14Attacking MittelfeldBorussia DortmundMario Götze
89%
241,5 Mio. €17/18Central MidfieldOlympique LyonnaisCorentin Tolisso
89%
1425 Mio. €09/10Right WingerReal Madrid CFArjen Robben
88%
340 Mio. €12/13Defensive MidfieldAthletic BilbaoJavi Martínez
87%
1130 Mio. €15/16Right WingerFC Shakhtar DonetskDouglas Costa
85%
930 Mio. €09/10Centre-ForwardVfB StuttgartMario Gómez
83%
1525 Mio. €13/14Central MidfieldFC BarcelonaThiago
83%
1621 Mio. €17/18Left WingerJuventus FCKingsley Coman
82%
1720 Mio. €17/18Centre-BackTSG 1899 HoffenheimNiklas Süle
81%
635 Mio. €19/20Centre-BackVfB StuttgartBenjamin Pavard
80%
437,5 Mio. €15/16Central MidfieldJuventus FCArturo Vidal
75%
835 Mio. €16/17Central MidfieldSL BenficaRenato Sanches
74%
1328 Mio. €14/15Centre-BackAS RomaMehdi Benatia
58%
1819,75 Mio. €03/04Centre-ForwardRC Deportivo de La CoruñaRoy Makaay
45%
2015 Mio. €07/08Centre-ForwardSV Werder BremenMiroslav Klose
44%
1917 Mio. €10/11Defensive MidfieldTSG 1899 HoffenheimLuiz Gustavo
40%

Score Distribution

Percentile by Number Answered

Percent of People with Each Score

Your Score History

You have not taken this quiz since the last reset